000 00357nam a2200169Ia 4500
001 11000
005 20250626030821.0
008 211022s9999 xx 000 0 und d
082 _a747.9201 SCH
100 _aSchottle, Rudiger
245 0 _aNeondekorationen
260 _aStuttgart
260 _bFey
260 _c1979
300 _a143
942 _cBK
999 _c12498
_d12498